000 00984nam a2200301Ia 4500
003 GCL
008 140319s9999 xx 000 0 ara d
020 _a3856086977
040 _aGCL /
_cGCL
082 0 4 _a153.9
_bا ذ
100 1 _aامل محمد حسونة
245 1 0 _aالذكاء الوجدانى /
_cامل محمد حسونة
700 1 _aمنى سعيد ابو ناشئ
250 _aالاولى
260 _aالقاهرة :
_bالدار العالمية للنشر والتوزيع ،
_c2006
300 _a211 ص ؛
_c24 سم
650 0 4 _aالانفعالات النفسية
650 0 4 _aالذكاء
650 0 4 _aاختبارات الذكاء
650 0 4 _aالاختبارات الشخصية
650 0 4 _aالدافعية
650 0 4 _aالعواطف
650 0 4 _aالسمات الشخصية
650 0 4 _aالاطفال، علم نفس
650 0 4 _aالفراسة
650 0 4 _aالمهارات الاجتماعية
942 _2ddc
_cBK
999 _c8085
_d8085